<?xml version="1.0" encoding="UTF-8"?><?xml-stylesheet type="text/xsl" href="static/style.xsl"?><OAI-PMH xmlns="http://www.openarchives.org/OAI/2.0/" xmlns:xsi="http://www.w3.org/2001/XMLSchema-instance" xsi:schemaLocation="http://www.openarchives.org/OAI/2.0/ http://www.openarchives.org/OAI/2.0/OAI-PMH.xsd"><responseDate>2026-04-17T17:49:48Z</responseDate><request verb="GetRecord" identifier="oai:riubu.ubu.es:10259/6824" metadataPrefix="marc">https://riubu.ubu.es/oai/request</request><GetRecord><record><header><identifier>oai:riubu.ubu.es:10259/6824</identifier><datestamp>2022-09-01T00:05:20Z</datestamp><setSpec>com_10259_6158</setSpec><setSpec>com_10259_5086</setSpec><setSpec>com_10259_2604</setSpec><setSpec>col_10259_6159</setSpec></header><metadata><record xmlns="http://www.loc.gov/MARC21/slim" xmlns:doc="http://www.lyncode.com/xoai" xmlns:xsi="http://www.w3.org/2001/XMLSchema-instance" xmlns:dcterms="http://purl.org/dc/terms/" xsi:schemaLocation="http://www.loc.gov/MARC21/slim http://www.loc.gov/standards/marcxml/schema/MARC21slim.xsd">
<leader>00925njm 22002777a 4500</leader>
<datafield tag="042" ind1=" " ind2=" ">
<subfield code="a">dc</subfield>
</datafield>
<datafield tag="720" ind1=" " ind2=" ">
<subfield code="a">Barros del Río, María Amor</subfield>
<subfield code="e">author</subfield>
</datafield>
<datafield tag="720" ind1=" " ind2=" ">
<subfield code="a">Terrazas Gallego, Melania</subfield>
<subfield code="e">author</subfield>
</datafield>
<datafield tag="260" ind1=" " ind2=" ">
<subfield code="c">2022-08</subfield>
</datafield>
<datafield tag="520" ind1=" " ind2=" ">
<subfield code="a">In recent times, the Irish literary arena has witnessed an&#xd;
extraordinary flourishing of women’s life writing, with a special&#xd;
interest in the examination of the female body. These works&#xd;
explore the relations between identity, memoir, and narration&#xd;
through the confessional, and reconceptualise the female body in&#xd;
the Irish context. This article sets out to examine collections of&#xd;
essays by two of these women writers, Emilie Pine’s Notes to Self&#xd;
(2019) and Sinéad Gleeson’s Constellations: Reflections from Life&#xd;
(2019), as innovative explorations of identity by applying Michael&#xd;
Bamberg’s integrative approach of narrative analysis. It aims to&#xd;
illuminate these examples of essayism as ‘interactional and bodily&#xd;
performed’ narratives, in Bamberg’s words, and as testimonies of&#xd;
transformation and adaptation of the body-mediated selves not&#xd;
only in Ireland, but universally. Pine and Gleeson’s essays look&#xd;
back on painful past experiences and explore the intersection of&#xd;
identity, textuality, and the body.</subfield>
</datafield>
<datafield tag="024" ind2=" " ind1="8">
<subfield code="a">1448-4528</subfield>
</datafield>
<datafield tag="024" ind2=" " ind1="8">
<subfield code="a">http://hdl.handle.net/10259/6824</subfield>
</datafield>
<datafield tag="024" ind2=" " ind1="8">
<subfield code="a">10.1080/14484528.2022.2104117</subfield>
</datafield>
<datafield tag="024" ind2=" " ind1="8">
<subfield code="a">1751-2964</subfield>
</datafield>
<datafield ind1=" " ind2=" " tag="653">
<subfield code="a">Emilie Pine</subfield>
</datafield>
<datafield ind1=" " ind2=" " tag="653">
<subfield code="a">Sinéad Gleeson</subfield>
</datafield>
<datafield ind1=" " ind2=" " tag="653">
<subfield code="a">Essayism</subfield>
</datafield>
<datafield ind1=" " ind2=" " tag="653">
<subfield code="a">Confessional writing</subfield>
</datafield>
<datafield ind1=" " ind2=" " tag="653">
<subfield code="a">Textuality</subfield>
</datafield>
<datafield ind1=" " ind2=" " tag="653">
<subfield code="a">Irish writing</subfield>
</datafield>
<datafield tag="245" ind1="0" ind2="0">
<subfield code="a">Irish Women’s Confessional Writing: Identity, Textuality and the Body</subfield>
</datafield>
</record></metadata></record></GetRecord></OAI-PMH>